000 00673nam a22002177a 4500
999 _c14616
_d14616
003 AR-CdUCM
008 190424b ||||| |||| 00| 0 spa d
020 _a84-7864-022-3
040 _aMUNICIPALIDAD PROVINCIAL DEL CUSCO
_cBIBLIOTECA MUNICIPAL DEL CUSCO
082 _aPI / 376.1 /
_bC73
110 _aCombel
_932671
245 _aPaper - Model /
260 _aBarcelona :
_bCombel editorial,
300 _bIlustraciones, graficos, dibujos
_c37 cm.
500 _aCuaderno de trabajo para niƱos
650 _atexto educativo
_925832
650 _aCuaderno de trabajo
_911620
856 _fwww.combeleditorial.com
942 _2ddc
_cLIBROS
945 _apjha
_d2019-04-24